| 000 | 00428cam a2200169ua 4500 | ||
|---|---|---|---|
| 020 | _a07 066366 1 | ||
| 041 |
_aeng _h |
||
| 082 |
_a631.584 _bKAY/FA |
||
| 100 | _aKay, Ronald K . | ||
| 245 |
_aFarm management / _cRonald K Kay. _hTextual Documents |
||
| 250 |
_a1 / _b. |
||
| 260 |
_aSingapore : _bMcGraw-Hill International Book Company , _c1983. |
||
| 300 | _a370 ; . | ||
| 504 | _a | ||
| 942 | _cBK | ||
| 999 |
_c7359 _d7359 |
||